000 00957nam a22002417a 4500
003 UA-OsUOA
001 46233
007 ta
008 20070611b un ||||| |||| 00| 0 ukr d
100 _aПрезидент України В.Ющенко
700 _aГолова Верховної Ради України О. Мороз
700 _aПрем'єр-міністр України В. Янукович
090 _a32
_bП-11
942 _cSA
040 _aUA-OsUOA
_bukr
_cUA-OsUOA
_dUA-OsUOA
245 _aСпільна заява Президента України, голови Верховної ради України і Прем'єр-міністра України щодо невідкладних заходівспрямованих на розв'язання політичної кризи
300 _aС.2
955 _a0
041 _aukr
080 _a32
773 0 _w46080
650 7 _a32 Політика
_2UDC
999 _c332332
_d332332